01404nam a2200325 a 4500001001200000003000800012006001900020007001500039008004100054020001800095020001500113040002100128035002100149050002300170110010400193245010100297260004800398300002200446490005100468504004100519533015200560650004800712650003400760655002900794710003100823710001700854830006400871856012600935999001701061ebr10227084CaPaEBRm u cr cn|||||||||081014s2007 sz a sb 100 0 eng d z9789241209410 z9241209410 aCaPaEBRcCaPaEBR a(OCoLC)61450884914aRS189b.W46 2007eb2 aWHO Expert Committee on Biological Standardization.bMeetingn(56th :d2005 :cGeneva, Switzerland)10aWHO Expert Committee on Biological Standardizationh[electronic resource] :bfifty-sixth report. aGeneva :bWorld Health Organization,c2007. ax, 340 p. :bill.1 aWHO technical report series,x0512-3054 ;v941 aIncludes bibliographical references. aElectronic reproduction.bPalo Alto, Calif. :cebrary,d2013.nAvailable via World Wide Web.nAccess may be limited to ebrary affiliated libraries. 0aBiological productsxStandardsvCongresses. 0aDrugsxStandardsvCongresses. 7aElectronic books.2local2 aWorld Health Organization.2 aebrary, Inc. 0aTechnical report series (World Health Organization) ;v941.40uhttp://site.ebrary.com/lib/rucke/Doc?id=10227084zAn electronic book accessible through the World Wide Web; click to view c27633d27633